Banka Slovakia v kontexte projektu

Projekt budovania regionálneho finančného centra v súmestí Banská Bystrica - Zvolen. Úsilie o založenie Banky Slovakia, a.s., ktorá by mala prispieť k rozvoju malého a stredného podnikania. Založenie a registrácia banky na obchodnom súde v r. 1995.

Na minha lista:
Detalhes bibliográficos
Autor principal: Medveď, Jozef
Formato: Capítulo de Livro
Idioma:eslovaco
Assuntos:
Tags: Adicionar Tag
Sem tags, seja o primeiro a adicionar uma tag!

MARC

LEADER 00000naa a2200000 4500
001 r021438
005 20221208113703.0
041 0 |a slo 
044 |a SK 
245 1 0 |a Banka Slovakia v kontexte projektu  |c Jozef Medveď 
520 |a Projekt budovania regionálneho finančného centra v súmestí Banská Bystrica - Zvolen. Úsilie o založenie Banky Slovakia, a.s., ktorá by mala prispieť k rozvoju malého a stredného podnikania. Založenie a registrácia banky na obchodnom súde v r. 1995. 
610 2 0 |a banky obchodné 
610 2 0 |a Slovensko 
610 2 0 |a Banka Slovakia, a.s. Banská Bystrica 
610 2 0 |a 1995 
100 1 |a Medveď, Jozef